The future of UK housebuilding (Record no. 111803)

MARC details
000 -LEADER
fixed length control field 01281cad a22002415a 4500
001 - CONTROL NUMBER
control field L152021
008 - FIXED-LENGTH DATA ELEMENTS--GENERAL INFORMATION
fixed length control field 110125s2010 xxk f 000 0 eng d
020 ## - INTERNATIONAL STANDARD BOOK NUMBER
International Standard Book Number 9781842196458
035 ## - SYSTEM CONTROL NUMBER
System control number (Sirsi) u152021
041 0# - LANGUAGE CODE
Language code of text/sound track or separate title eng
100 1# - MAIN ENTRY--PERSONAL NAME
Personal name Goodier, Chris
245 04 - TITLE STATEMENT
Title The future of UK housebuilding
Medium [electronic resource]
260 ## - PUBLICATION, DISTRIBUTION, ETC.
Place of publication, distribution, etc. London
Name of publisher, distributor, etc. RICS
Date of publication, distribution, etc. 2010
490 #0 - SERIES STATEMENT
Series statement RICS Research
520 ## - SUMMARY, ETC.
Summary, etc. Looks at the future of UK housebuilding for the next 10 to 20 years as part of the Vision for Cities programme; reviews the current landscape and identifies the key challenges and opportunities facing the industry in delivering housing of quantity, quality, sustainability and affordability; discusses the drivers for change and the potential nature and form of future housing; encourages strategic thinking within the industry and amongst policy makers with an emphasis on a more sustainable future.
590 ## - LOCAL NOTE (RLIN)
Local note KA NTK
651 #4 - SUBJECT ADDED ENTRY--GEOGRAPHIC NAME
Geographic name United Kingdom
Chronological subdivision
690 ## - LOCAL SUBJECT ADDED ENTRY--TOPICAL TERM (OCLC, RLIN)
Topical term or geographic name as entry element PROPERTY-RESIDENTIAL PROPERTY-RESIDENTIAL PROPERTY DEVELOPMENT
700 1# - ADDED ENTRY--PERSONAL NAME
Personal name Pan, Wei
710 1# - ADDED ENTRY--CORPORATE NAME
Corporate name or jurisdiction name as entry element Royal Institution of Chartered Surveyors
9 (RLIN) 4900
856 40 - ELECTRONIC LOCATION AND ACCESS
Uniform Resource Identifier <a href="https://www.rics.org/Global/Downloads/Future_UK_housebuilding_011010_dwl_aj.pdf">https://www.rics.org/Global/Downloads/Future_UK_housebuilding_011010_dwl_aj.pdf</a>
Public note View this item free of charge at www.rics.org
942 ## - ADDED ENTRY ELEMENTS (KOHA)
Suppress in OPAC 0
Holdings
Withdrawn status Lost status Source of classification or shelving scheme Damaged status Not for loan Home library Current library Shelving location Date acquired Total Checkouts Full call number Barcode Date last seen Copy number Price effective from Koha item type
    Dewey Decimal Classification     London London RICS Boxes 08/01/2013   RICS 2010/38 30079663 06/08/2019 1 06/08/2019 Archive
    Dewey Decimal Classification     London London RICS Boxes 09/01/2013   RICS 2010/38 30075069 06/08/2019 2 06/08/2019 Book
    Dewey Decimal Classification     Virtual Virtual RICS Boxes 25/01/2011   ONLINE PUBLICATION 152021-3001 06/08/2019 1 06/08/2019 Online material